Traductions de Pierre - Statistiques

Statistiques générales
  • Ce quiz a été pris 50 fois
  • Le résultat moyen est 3 sur 10
Statistiques - réponses
Langue Prénom % Correct
Allemand/Anglais Peter
87%
Espagnol/Portugais Pedro
71%
Italien (2) Pietro
64%
Russe Piotr
44%
Italien (1) Piero
36%
Breton Pierrick
20%
Néerlandais Pieter
13%
Grec Pétros
9%
Irlandais Peadar
2%
Occitan Peyre
2%
Aucun quiz correspondant
Distribution des résultats
% des personnes avec chaque résultat
Percentile par nombre de réponses
Votre historique - résultats
Vous n’avez pas pris ce quiz